=LDR 00000nam 2200000 4500 =001 INLIS000000000021231 =005 20130612120116 =008 ***********************************Ind** =035 ##$$0010-061300000021231 =041 ##$$a Ind =082 ##$$a 320.150 959 8 =090 ##$$a 320.150 959 8, Ker k =100 ##$$a Kertapi, H. Ton =245 ##$$a Ketahanan nasional Indonesia dalam penerangan pembangunan, H. Ton Kertapati =260 ##$$a 1988 $b Jakarta =300 ##$$a xi, 117 hlm, 21 cm =650 ##$$a Ketahanan Nasional =850 ##$$a NBPNMAT =990 ##$$a 0001/BPAP-NTB/2015 =990 ##$$a 0001/BPAP-NTB/2016